| Tag |
First Indicator |
Second Indicator |
Subfields |
| LEADER |
00000cam a2200000 4500 |
| 001 |
in00000066106 |
| 005 |
20151008051246.0 |
| 008 |
711108s1963 enk b 00000 eng u |
| 010 |
|
|
|a 63004855
|
| 035 |
|
|
|a (OCoLC)00169437
|
| 035 |
|
|
|9 AAG6808AM
|
| 040 |
|
|
|c CSU
|d TXA
|d UtOrBLW
|
| 049 |
|
|
|a TXAM
|c [366115]
|
| 050 |
|
0 |
|a JX1944
|b .H5
|
| 092 |
|
|
|a 341.1
|b H665p
|
| 100 |
1 |
|
|a Hinsley, F. H.
|q (Francis Harry),
|d 1918-
|
| 245 |
1 |
0 |
|a Power and the pursuit of peace ;
|b theory and practice in the history of relations between states.
|
| 264 |
|
1 |
|a Cambridge [England] :
|b University Press,
|c 1963.
|
| 300 |
|
|
|a 416p. ;
|c 24cm.
|
| 336 |
|
|
|a text
|b txt
|2 rdacontent
|
| 337 |
|
|
|a unmediated
|b n
|2 rdamedia
|
| 338 |
|
|
|a volume
|b nc
|2 rdacarrier
|
| 504 |
|
|
|a Includes bibliography.
|
| 650 |
|
0 |
|a International relations
|x History.
|
| 650 |
|
0 |
|a Peace.
|
| 999 |
|
|
|a MARS
|
| 999 |
f |
f |
|s d753a4c1-1ad1-358e-aa3c-54008e78a5bb
|i 00252160-6e63-34f6-a013-93d3e867a453
|t 0
|
| 952 |
f |
f |
|p ric
|a Texas A&M University
|b Rellis Campus
|c Joint Library Facility
|d Remote Storage
|t 0
|e JX1944 .H5
|h Library of Congress classification
|i unmediated -- volume
|m A14800782188
|
| 998 |
f |
f |
|a JX1944 .H5
|t 0
|l Remote Storage
|